[Event "Skovbo GM 2012"]
[Site "Borup Kulturhus"]
[Date "2012.09.23"]
[Round "9.27"]
[White "Andersen, Troels Bækgård"]
[Black "Larsen, Paul M"]
[Result "1-0"]
[WhiteElo "1771"]
[BlackElo "1611"]
[PlyCount "55"]
[EventDate "2012.??.??"]
[WhiteTeam "Roskilde Skakklub"]
[BlackTeam "Haslev Skakklub"]

1. Nf3 Nf6 2. c4 g6 3. g3 c6 4. Bg2 Bg7 5. O-O O-O 6. d4 d5 7. cxd5 Nxd5 8. Nc3
Nd7 9. Nxd5 cxd5 10. Qb3 e6 11. Bf4 Qb6 12. Qxb6 Nxb6 13. Rac1 Nd7 14. e3 Nf6
15. Rc7 b6 16. Rfc1 Ba6 17. Bf1 Bxf1 18. Kxf1 Ne4 19. Ke2 Rfe8 20. R1c6 Bf8 21.
g4 Red8 22. Ng5 Bd6 23. Bxd6 Nxd6 24. Rxd6 Rxd6 25. Nxf7 Rc6 26. Nh6+ Kh8 27.
Rxc6 Kg7 28. g5 1-0

[Event "Skovbo GM 2012"]
[Site "Borup Kulturhus"]
[Date "2012.09.23"]
[Round "9.28"]
[White "Kakulidis, Ellen"]
[Black "Stuhr, Finn"]
[Result "1-0"]
[WhiteElo "1366"]
[BlackElo "1657"]
[PlyCount "65"]
[EventDate "2012.??.??"]
[WhiteTeam "Aalborg Skakforening af 1889"]
[BlackTeam "Køge Skakklub"]

1. d4 Nf6 2. c4 b6 3. Nc3 Bb7 4. d5 d6 5. e4 Nbd7 6. f4 e5 7. Nf3 Qe7 8. Qc2 g6
9. Be2 Bg7 10. O-O O-O 11. Ng5 h6 12. Nh3 Bc8 13. Bd2 Nc5 14. Nf2 a5 15. a4 h5
16. Bf3 Ng4 17. h3 Nxf2 18. Rxf2 exf4 19. Bxf4 Bd4 20. Re1 Bxf2+ 21. Kxf2 Qf6
22. Bh2 Bd7 23. e5 Qh4+ 24. Bg3 Qd4+ 25. Re3 Bf5 26. Qe2 Nd3+ 27. Kg1 Nxb2 28.
Nb5 Qc5 29. Bf2 Qxc4 30. Qxb2 Qxa4 31. exd6 Bd7 32. Nxc7 Rab8 33. Re4 1-0

[Event "Skovbo GM 2012"]
[Site "Borup Kulturhus"]
[Date "2012.09.23"]
[Round "9.32"]
[White "Nielsen, Jens Holm"]
[Black "Fredericia, Ellen"]
[Result "1-0"]
[WhiteElo "1903"]
[BlackElo "1196"]
[PlyCount "71"]
[EventDate "2012.??.??"]
[WhiteTeam "Amager Skakforening"]
[BlackTeam "Skakklubben K41"]

1. Nc3 d5 2. e4 dxe4 3. Nxe4 e6 4. Nf3 Be7 5. Bc4 Nf6 6. Nxf6+ Bxf6 7. O-O O-O
8. d4 Nd7 9. Re1 b6 10. Qe2 Re8 11. Qe4 Rb8 12. Bd3 g6 13. Ne5 Nxe5 14. dxe5
Bb7 15. Qg4 Bg7 16. Bg5 Qd7 17. Rad1 Qc8 18. Re3 a6 19. Qh4 h5 20. Bf6 Bxf6 21.
exf6 Rd8 22. Rde1 Rd6 23. Rg3 Rxd3 24. Rxd3 c5 25. Rg3 Kh7 26. Rg5 Qh8 27. Qf4
Rc8 28. Ree5 Kg8 29. Rxe6 Rd8 30. Re1 Rc8 31. Rge5 Kh7 32. c4 Bc6 33. Re7 Be8
34. Qe5 Bc6 35. Rxf7+ Kh6 36. h4 1-0

[Event "Skovbo GM 2012"]
[Site "Borup Kulturhus"]
[Date "2012.09.23"]
[Round "9.34"]
[White "Hein, Jacob"]
[Black "Larsson, Jørgen"]
[Result "1-0"]
[WhiteElo "1490"]
[BlackElo "1159"]
[PlyCount "49"]
[EventDate "2012.??.??"]
[WhiteTeam "Espergærde Skakklub"]
[BlackTeam "Skovbo Skakklub"]

1. c4 e5 2. Nc3 Nf6 3. g3 Bb4 4. Na4 O-O 5. a3 Be7 6. Nc3 d5 7. cxd5 Nxd5 8.
Bg2 Nxc3 9. bxc3 c6 10. Nf3 Bf6 11. O-O Be6 12. Bb2 Bd5 13. d3 Bxf3 14. Bxf3
Qb6 15. Rb1 Be7 16. d4 Rd8 17. Qa4 exd4 18. cxd4 Qa6 19. Qb3 Nd7 20. Be4 Qxe2
21. Rfe1 Qa6 22. Bxh7+ Kxh7 23. Rxe7 f6 24. Qf7 Rg8 25. Qh5# 1-0